000 00587nam a2200229Ia 4500
003 OSt
005 20220928121400.0
006 a|||||r|||| 00| 0
007 ta
008 220927b |||||||| |||| 00| 0 eng d
024 _a63187
037 _cTextual
040 _aSDCL
_cSDCL
_beng
041 _2eng
_aeng
082 _aP-:1, J9
100 _aPring Julian T
_9451798
245 0 _aColloquial engllish pronunciation.
260 _aLondon
_bLongman
_c1959
300 _axii,83p.
_ccm.
942 _hP-:1, J9
_cTEXL
_2CC
999 _c765806
_d765806